[Event "Veneto-ch qf 67th"]
[Site "Arqua Petrarca"]
[Date "2007.05.06"]
[Round "3.12"]
[White "Solinas, Carlo"]
[Black "Zangrando, Gianpietro"]
[Result "1-0"]
[WhiteElo "2018"]
[BlackElo "1851"]
[PlyCount "77"]
[EventDate "2007.05.05"]
[EventType "swiss"]
[EventRounds "6"]
[EventCountry "ITA"]
[SourceTitle "EXT 2024"]
[Source "ChessBase"]
[SourceDate "2023.10.10"]
[SourceVersion "1"]
[SourceVersionDate "2023.10.10"]
[SourceQuality "1"]

1. e4 e6 2. d4 d5 3. Nc3 Bb4 4. e5 c5 5. a3 Ba5 6. b4 cxd4 7. Qxd4 Bc7 8. Nf3 Nc6 9. Qg4 Nxe5 10. Qxg7 Nxf3+ 11. gxf3 Qf6 12. Bh6 Be5 13. Bb5+ Kd8 14. Bg5 Bxc3+ 15. Ke2 Kc7 16. Bxf6 Bxf6 17. Qg3+ e5 18. f4 Kd6 19. c4 Ne7 20. fxe5+ Bxe5 21. c5+ Ke6 22. Qh3+ f5 23. Kf3 a5 24. Rhe1 Ng6 25. Qh6 Kf7 26. Rac1 axb4 27. axb4 Ra3+ 28. Re3 Rxe3+ 29. fxe3 f4 30. e4 dxe4+ 31. Kxe4 Rd8 32. Qxh7+ Bg7 33. Bc4+ Kf6 34. Qh5 Re8+ 35. Kf3 Re5 36. Qh7 Re8 37. Rg1 Bf5 38. Rxg6+ Bxg6 39. Qh4+ 1-0

[Event "Pedavena op-A 2nd"]
[Site "Pedavena"]
[Date "2006.08.05"]
[Round "7"]
[White "Solinas, Carlo"]
[Black "Fantini, Adriano"]
[Result "1-0"]
[WhiteElo "2060"]
[BlackElo "1760"]
[PlyCount "95"]
[EventDate "2006.08.01"]
[EventType "swiss"]
[EventRounds "7"]
[EventCountry "ITA"]
[SourceTitle "EXT 2023"]
[Source "ChessBase"]
[SourceDate "2022.10.05"]
[SourceVersion "1"]
[SourceVersionDate "2022.10.05"]
[SourceQuality "1"]

1. e4 c6 2. Nc3 d5 3. Qf3 e6 4. d4 dxe4 5. Nxe4 Nf6 6. Bd3 Nbd7 7. Ne2 Nxe4 8. Bxe4 Nf6 9. Bd3 Be7 10. 0-0 Qd5 11. Qg3 Nh5 12. Qe5 Qxe5 13. dxe5 g6 14. g4 Ng7 15. Bh6 Rg8 16. f4 Bd7 17. Ng3 0-0-0 18. Bg5 Bxg5 19. fxg5 Rgf8 20. Ne4 Ne8 21. b4 Kc7 22. Rf4 Bc8 23. Raf1 Rd7 24. b5 b6 25. bxc6 Kxc6 26. Nc3 a6 27. Rc4+ Kb7 28. Be4+ Kb8 29. Rc6 b5 30. a4 Bb7 31. Rb6 Ka7 32. Rxb7+ Rxb7 33. Bxb7 Kxb7 34. axb5 axb5 35. Nxb5 Kc6 36. c4 Kc5 37. Rf4 Kc6 38. Kf2 Kb6 39. Ke3 Kc6 40. Kd4 Kb6 41. Kc3 Kc6 42. Kb4 Kb6 43. c5+ Kc6 44. Kc4 Nc7 45. Nxc7 Kxc7 46. Rf2 Kc6 47. Ra2 Rc8 48. Ra7 1-0

[Event "Pedavena op-A 2nd"]
[Site "Pedavena"]
[Date "2006.08.03"]
[Round "4"]
[White "Foroni, Francesco"]
[Black "Solinas, Carlo"]
[Result "0-1"]
[WhiteElo "1836"]
[BlackElo "2060"]
[PlyCount "142"]
[EventDate "2006.08.01"]
[EventType "swiss"]
[EventRounds "7"]
[EventCountry "ITA"]
[SourceTitle "EXT 2023"]
[Source "ChessBase"]
[SourceDate "2022.10.05"]
[SourceVersion "1"]
[SourceVersionDate "2022.10.05"]
[SourceQuality "1"]

1. Nf3 Nf6 2. d4 g6 3. e3 Bg7 4. Be2 0-0 5. 0-0 d5 6. Nbd2 b6 7. c3 Ba6 8. b4 Qc8 9. b5 Bb7 10. a4 a6 11. Ba3 Re8 12. Qb3 axb5 13. Bxb5 Nbd7 14. Bb4 Ne4 15. Rfd1 e6 16. Ra2 f5 17. Rda1 c6 18. Bf1 c5 19. Ba3 c4 20. Qc2 Qd8 21. Bb4 Ba6 22. a5 b5 23. g3 g5 24. Bg2 Bf6 25. Rf1 h5 26. Ne1 Be7 27. Bxe7 Qxe7 28. f3 Nxd2 29. Qxd2 b4 30. Qb2 bxc3 31. Qxc3 Reb8 32. Rb2 Rxb2 33. Qxb2 Rb8 34. Qa1 Qb4 35. Rf2 Rb5 36. Ra2 Qb1 37. Bf1 Rb3 38. Qxb1 Rxb1 39. Kf2 Nb8 40. f4 gxf4 41. gxf4 Nc6 42. Be2 Nb4 43. Rd2 c3 44. Rd1 Rb2 45. Rc1 Rxe2+ 46. Kf3 c2 47. Nxc2 Rxc2 48. Rg1+ Kh7 49. h4 Be2+ 50. Kg3 Ra2 51. Rb1 Na6 52. Rb7+ Kg6 53. Rb6 Kf6 54. Kf2 Bc4+ 55. Kf3 Rxa5 56. Rb7 Ra2 57. Kg3 Bd3 58. Rh7 Be2 59. Rh6+ Ke7 60. Rh7+ Kd6 61. Rh8 Nb4 62. Rd8+ Ke7 63. Rb8 Nd3 64. Rb7+ Kf6 65. Rb8 Bg4 66. Rf8+ Ke7 67. Rg8 Ne1 68. Rg7+ Kf6 69. Rxg4 fxg4 70. f5 Kxf5 71. e4+ dxe4 0-1

[Event "Pedavena op-A 2nd"]
[Site "Pedavena"]
[Date "2006.08.01"]
[Round "1"]
[White "Solinas, Carlo"]
[Black "Paltrinieri, Nicholas"]
[Result "1-0"]
[WhiteElo "2060"]
[BlackElo "1817"]
[PlyCount "49"]
[EventDate "2006.08.01"]
[EventType "swiss"]
[EventRounds "7"]
[EventCountry "ITA"]
[SourceTitle "EXT 2023"]
[Source "ChessBase"]
[SourceDate "2022.10.05"]
[SourceVersion "1"]
[SourceVersionDate "2022.10.05"]
[SourceQuality "1"]

1. e4 d5 2. Nc3 d4 3. Nce2 e5 4. Ng3 Nf6 5. Nf3 Nc6 6. Bb5 Bd6 7. d3 0-0 8. 0-0 Qe7 9. c3 Bc5 10. c4 a6 11. Bxc6 bxc6 12. a3 a5 13. Bd2 Bd7 14. Nh4 Rfb8 15. Nhf5 Qe8 16. Qc1 Bf8 17. Bg5 Qe6 18. b4 axb4 19. axb4 Bxb4 20. Rxa8 Rxa8 21. c5 Ra5 22. Nxg7 Kxg7 23. Bxf6+ Kf8 24. Qh6+ Ke8 25. Nf5 1-0

[Event "Pedavena op 1st"]
[Site "Pedavena"]
[Date "2005.08.06"]
[Round "6"]
[White "Schiatti, Piero"]
[Black "Solinas, Carlo"]
[Result "0-1"]
[WhiteElo "1970"]
[BlackElo "2074"]
[PlyCount "84"]
[EventDate "2005.08.03"]
[EventType "swiss"]
[EventRounds "6"]
[EventCountry "ITA"]
[SourceTitle "EXT 2007"]
[Source "ChessBase"]
[SourceDate "2006.11.23"]
[SourceVersion "1"]
[SourceVersionDate "2006.11.23"]
[SourceQuality "1"]

1. c4 Nf6 2. g3 d6 3. Bg2 e5 4. Nc3 g6 5. e4 Bg7 6. Nge2 0-0 7. 0-0 c6 8. d4 Qe7 9. h3 Nbd7 10. d5 c5 11. Be3 Ne8 12. g4 Nb6 13. Qb3 f5 14. f3 h5 15. gxh5 f4 16. Bf2 Qg5 17. Kh2 Qxh5 18. Nb5 Bf6 19. Nxa7 Rxa7 20. Qxb6 Ra6 21. Qb3 Rf7 22. Qc3 Rh7 23. Ng1 g5 24. a3 b6 25. b4 Raa7 26. bxc5 bxc5 27. Rab1 Rag7 28. Rb8 g4 29. fxg4 Qxg4 30. Qf3 Qd7 31. Qb3 Bd8 32. Qb5 Rxg2+ 33. Kxg2 Qg7+ 34. Kf3 Rxh3+ 35. Ke2 Bd7 36. Qb2 Qg4+ 37. Ke1 Ba5+ 38. Rb4 Rxa3 39. Ne2 Bxb4+ 40. Kd1 Qf3 41. Kc1 Nf6 42. Rg1+ Bg4 0-1

[Event "Pedavena op 1st"]
[Site "Pedavena"]
[Date "2005.08.05"]
[Round "5"]
[White "Solinas, Carlo"]
[Black "Luciani, Valerio"]
[Result "0-1"]
[WhiteElo "2074"]
[BlackElo "2248"]
[PlyCount "110"]
[EventDate "2005.08.03"]
[EventType "swiss"]
[EventRounds "6"]
[EventCountry "ITA"]
[SourceTitle "EXT 2007"]
[Source "ChessBase"]
[SourceDate "2006.11.23"]
[SourceVersion "1"]
[SourceVersionDate "2006.11.23"]
[SourceQuality "1"]

1. e4 d6 2. d4 Nf6 3. Nc3 c6 4. a4 Qc7 5. f3 e5 6. Be3 Nbd7 7. Bc4 Be7 8. Nge2 0-0 9. 0-0 Nb6 10. Bd3 Be6 11. b3 Rad8 12. a5 Nc8 13. a6 b6 14. d5 cxd5 15. exd5 Nxd5 16. Nxd5 Bxd5 17. Bxh7+ Kxh7 18. Qxd5 Qxc2 19. Kf2 Qg6 20. Ra4 Rd7 21. Rc4 Qe6 22. Qa8 Rdd8 23. Rfc1 d5 24. Rc7 d4 25. Bd2 Bd6 26. Qe4+ Kg8 27. Rb7 d3 28. Ng3 Bc5+ 29. Rxc5 bxc5 30. Qh4 Nd6 31. Re7 Nf5 32. Rxe6 Nxh4 33. Rxe5 Rb8 34. Rh5 Ng6 35. Rxc5 Rxb3 36. Rd5 Rb6 37. Ne4 Rxa6 38. Nc5 Ra2 39. Rxd3 Ne5 40. Rd4 Rc8 41. Nb3 Rb2 42. f4 Nc4 43. Rd3 Rxb3 44. Rxb3 Nxd2 45. Rb7 Ra8 46. Ke3 Nf1+ 47. Ke4 Nxh2 48. Kf5 Nf1 49. g4 a5 50. Ke4 a4 51. Kd3 a3 52. Rb1 a2 53. Ra1 Ra3+ 54. Kc2 Ne3+ 55. Kb2 Ra4 0-1